|
|
|
|
| LEADER |
00000cam a2200000 7i4500 |
| 001 |
0000003677 |
| 005 |
20101102093000.0 |
| 008 |
021118n |
| 050 |
0 |
0 |
|a QD415
|b .P512 1987
|
| 090 |
0 |
0 |
|a QD415
|b .P512 1987
|
| 100 |
1 |
|
|a Plummer, David T. ,
|e author
|
| 240 |
1 |
3 |
|a An introduction to practical biochemistry
|l [Bahasa Malaysia]
|
| 245 |
1 |
0 |
|a Pengenalan biokimia amali
|c David T. Plummer ; terjemahan Halimah Abdullah Sani
|
| 300 |
|
|
|a 376 p. ;
|c 23 cm.
|
| 500 |
|
|
|a Translation of: An introduction to practical biochemistry. 2nd ed., 1978
|
| 504 |
|
|
|a Includes bibliographical references and index
|
| 650 |
|
0 |
|a Biochemistry
|
| 999 |
|
|
|a 1000031135
|b Book
|c Close Access
|e Tembila Campus
|